| 000 | 00509nam a2200181 a 4500 | ||
|---|---|---|---|
| 003 | PILC | ||
| 005 | 20151013081708.0 | ||
| 008 | 080109s19uu xx 00 eng d | ||
| 020 | _a9789719328353 | ||
| 050 |
_aBD 450 _b.J68 2006 |
||
| 100 | _aJoven, Jose R. | ||
| 245 |
_aPhilosophy of man : _ba modular approach / _cJose R. Joven. |
||
| 260 |
_aMakati City : _bF & J de Jesus, _c2006. |
||
| 300 |
_a151 pages : _c24 cm. |
||
| 650 | _aPhilosophical anthropology. | ||
| 942 |
_cBK _2lcc _kFOR |
||
| 999 |
_c22750 _d22750 |
||